| 000 | 00734nam a22002177a 4500 | ||
|---|---|---|---|
| 999 |
_c852 _d852 |
||
| 005 | 20250224105859.0 | ||
| 008 | 230821b ||||| |||| 00| 0 eng d | ||
| 020 | _a9780135245934 | ||
| 040 | _cKCST | ||
| 082 |
_a428.24 _bStUn |
||
| 100 |
_aSteenburgh, Carrie _95788 |
||
| 245 |
_a University success :reading and writing : high-beginning / _cCarrie Steenburgh |
||
| 260 |
_aHoboken, NJ; _bPearson; _c2020. |
||
| 300 | _a230 p. | ||
| 650 |
_aEnglish (Language) Textbooks for allophones _95789 |
||
| 650 |
_aEnglish (Language) Rhetoric _95790 |
||
| 650 |
_aEnglish language Textbooks for foreign speakers _95792 |
||
| 650 |
_aProblems and exercises _95791 |
||
| 650 |
_aEnglish Vocabularies and Phrasebooks _95742 |
||
| 942 |
_2ddc _cCTBK |
||